| 000 | 01150nam a22003371 4500 | ||
|---|---|---|---|
| 001 | 4536223 | ||
| 003 | OSt | ||
| 005 | 20140310181626.0 | ||
| 008 | 850814s1967 iluac j b 000 0beng | ||
| 010 | _a 67026872 | ||
| 040 |
_aDLC _cDLC _dDLC |
||
| 042 | _alcac | ||
| 050 | 0 | 0 |
_aGV 865 _b.R974 1967 |
| 082 | 0 | 0 |
_aREF 920 _bR82 1968 |
| 100 | 1 |
_aRichards, Kenneth G., _d1926- |
|
| 245 | 1 | 0 |
_aPeople of destiny : _cby Kenneth Richards. _bBabe Ruth / |
| 260 |
_aChicago, _bChildrens Press _c[1967] |
||
| 300 |
_a95 p. _billus., ports. _c30 cm. |
||
| 490 | 1 | _aPeople of destiny: a humanities series | |
| 500 | _aIncludes Bibliography & index | ||
| 504 | _aBibliography: p. 92. | ||
| 520 | _a1. Ruth, Babe 2. A biography of the Sultan of Swat, who hit 714 home runs during his illustrious baseball career with the New York Yankees. | ||
| 521 | _aBasic Ed. Students | ||
| 541 | _j1 | ||
| 562 | _eFor circulation. 1 copy in the collection | ||
| 600 | 1 | 0 |
_aRuth, Babe, _d1895-1948. |
| 600 | 1 | 1 |
_aRuth, Babe, _d1895-1948. |
| 830 | 0 | _aPeople of destiny. | |
| 906 |
_a7 _bcbc _corignew _du _eocip _f19 _gy-gencatlg |
||
| 942 |
_2lcc _cBK-GR _kREF |
||
| 999 |
_c304 _d304 |
||